[Event "EU-ch (Women) 24th"]
[Site "Rhodes"]
[Date "2024.04.28"]
[Round "9"]
[White "Hejazipour, Mitra"]
[Black "Ibrahimova, Sabina Oqtay"]
[Result "0-1"]
[WhiteElo "2376"]
[BlackElo "2175"]
[PlyCount "100"]
[EventDate "2024.04.19"]
[EventType "swiss"]
[EventRounds "10"]
[EventCountry "GRE"]
[SourceTitle "CB18_2024"]
[SourceDate "2024.05.01"]
[SourceVersion "1"]
[SourceVersionDate "2024.05.01"]
[SourceQuality "2"]

1. d4 Nf6 2. c4 g6 3. Nf3 Bg7 4. g3 0-0 5. Bg2 d6 6. 0-0 Nc6 7. d5 Na5 8. Na3 c5 9. Re1 e5 10. e4 a6 11. Bf1 Rb8 12. Bd2 b6 13. Rb1 Bd7 14. Nc2 b5 15. b4 Nxc4 16. bxc5 Nxd2 17. Qxd2 Bg4 18. Qe3 Bxf3 19. Qxf3 dxc5 20. a4 Qd7 21. Qc3 b4 22. Qb3 Ra8 23. a5 Ne8 24. Ne3 Nd6 25. Nc4 Ra7 26. Nb6 Qc7 27. Qa4 f5 28. f3 fxe4 29. fxe4 Rf3 30. Bg2 Ra3 31. Qc6 Rxa5 32. Bh3 Rb5 33. Be6+ Kh8 34. Nd7 Qxc6 35. dxc6 Rc7 36. Bb3 Ra5 37. Bd5 Rb5 38. Rbc1 b3 39. Rxc5 Rb4 40. Rb1 Bh6 41. Rc3 b2 42. Nc5 Nb5 43. Rb3 Bf8 44. Nd7 Rxb3 45. Bxb3 Ba3 46. Rf1 Rxc6 47. Nxe5 Rc1 48. Ba2 Nc3 49. Nc4 Bc5+ 50. Kg2 Nxa2 0-1

[Event "EU-ch (Women) 24th"]
[Site "Rhodes"]
[Date "2024.04.26"]
[Round "7"]
[White "Buksa, Nataliya"]
[Black "Ibrahimova, Sabina Oqtay"]
[Result "1-0"]
[WhiteElo "2394"]
[BlackElo "2175"]
[PlyCount "83"]
[EventDate "2024.04.19"]
[EventType "swiss"]
[EventRounds "10"]
[EventCountry "GRE"]
[SourceTitle "CB18_2024"]
[SourceDate "2024.05.01"]
[SourceVersion "1"]
[SourceVersionDate "2024.05.01"]
[SourceQuality "2"]

1. e4 c5 2. Nf3 Nc6 3. Bb5 g6 4. 0-0 Bg7 5. c3 Nf6 6. Re1 0-0 7. d4 d5 8. e5 Ne4 9. Be3 cxd4 10. cxd4 Qb6 11. Qe2 Bd7 12. a4 a6 13. Bd3 Na5 14. Nc3 Nxc3 15. bxc3 Rac8 16. Reb1 Qc7 17. Bd2 Rb8 18. Bf4 Rbc8 19. Ra3 Bc6 20. Nd2 Rfe8 21. h4 e6 22. h5 Qe7 23. Ra2 Bd7 24. hxg6 fxg6 25. Rc1 Rc7 26. g3 Rec8 27. Nb1 Nc4 28. Qg4 Be8 29. Bg5 Qf7 30. Qh3 Nb6 31. Bc2 a5 32. Kg2 Nc4 33. Rh1 Bh8 34. Bd3 Bc6 35. g4 Nb6 36. f4 Nxa4 37. f5 gxf5 38. gxf5 exf5 39. Bxf5 Qg7 40. Be6+ Kf8 41. Rf2+ Ke8 42. Qh5+ 1-0

[Event "EU-ch (Women) 24th"]
[Site "Rhodes"]
[Date "2024.04.22"]
[Round "4"]
[White "Ibrahimova, Sabina Oqtay"]
[Black "Matnadze, Ana"]
[Result "1/2-1/2"]
[WhiteElo "2175"]
[BlackElo "2365"]
[PlyCount "35"]
[EventDate "2024.04.19"]
[EventType "swiss"]
[EventRounds "10"]
[EventCountry "GRE"]
[SourceTitle "CB18_2024"]
[SourceDate "2024.05.01"]
[SourceVersion "1"]
[SourceVersionDate "2024.05.01"]
[SourceQuality "2"]

1. c4 c5 2. Nf3 Nf6 3. Nc3 Nc6 4. d4 cxd4 5. Nxd4 d6 6. e4 Nxd4 7. Qxd4 e5 8. Qd3 Be7 9. Be2 0-0 10. 0-0 Be6 11. Be3 Rc8 12. b3 a6 13. Rac1 h6 14. Rfd1 Qa5 15. Bd2 Qb6 16. Be3 Qa5 17. Bd2 Qb6 18. Be3 1/2-1/2

[Event "AZE-ch (Women)"]
[Site "Baku"]
[Date "2024.02.15"]
[Round "5"]
[White "Ibrahimova, Sabina Oqtay"]
[Black "Abdinova, Narmin"]
[Result "0-1"]
[WhiteElo "2163"]
[BlackElo "2061"]
[PlyCount "98"]
[EventDate "2024.02.11"]
[EventType "swiss"]
[EventRounds "7"]
[EventCountry "AZE"]
[SourceTitle "CB09_2024"]
[SourceDate "2024.02.28"]
[SourceVersion "1"]
[SourceVersionDate "2024.02.28"]
[SourceQuality "1"]

1. e4 Nf6 2. e5 Nd5 3. d4 d6 4. c4 Nb6 5. exd6 cxd6 6. Nf3 g6 7. Be2 Bg7 8. h3 0-0 9. 0-0 Nc6 10. Nc3 Bf5 11. Be3 d5 12. g4 Be4 13. Ng5 e5 14. Ncxe4 dxe4 15. d5 Nd4 16. Nxe4 f5 17. Ng5 Nxe2+ 18. Qxe2 f4 19. Ne6 Qh4 20. Kh2 fxe3 21. fxe3 Rxf1 22. Rxf1 e4 23. Nxg7 Kxg7 24. b3 Re8 25. Qb2+ Kg8 26. Kg2 Qe7 27. Qd4 Qe5 28. Qc5 Kg7 29. Rf4 h5 30. Qa5 hxg4 31. hxg4 Rh8 32. Qxa7 Qb2+ 33. Rf2 Rh2+ 34. Kxh2 Qxf2+ 35. Kh1 Qxe3 36. Qxb7+ Kh6 37. Qe7 Qh3+ 38. Kg1 Qxg4+ 39. Kf2 Nd7 40. a4 Qf4+ 41. Kg2 Ne5 42. Qd8 e3 43. Qh8+ Kg5 44. Qd8+ Kg4 45. Qc8+ Qf5 46. Qe6 Kf4 47. Qxf5+ gxf5 48. a5 Nd3 49. d6 e2 0-1

[Event "AZE-ch (Women)"]
[Site "Baku"]
[Date "2024.02.13"]
[Round "3"]
[White "Abdulla, Khayala Mardan Qizi"]
[Black "Ibrahimova, Sabina Oqtay"]
[Result "1/2-1/2"]
[WhiteElo "2241"]
[BlackElo "2163"]
[PlyCount "81"]
[EventDate "2024.02.11"]
[EventType "swiss"]
[EventRounds "7"]
[EventCountry "AZE"]
[SourceTitle "CB09_2024"]
[SourceDate "2024.02.28"]
[SourceVersion "1"]
[SourceVersionDate "2024.02.28"]
[SourceQuality "1"]

1. e4 c5 2. Nf3 Nc6 3. d4 cxd4 4. Nxd4 g6 5. Nc3 Bg7 6. Be3 Nf6 7. Bc4 0-0 8. Bb3 a5 9. Ndb5 a4 10. Nxa4 Qa5+ 11. Nbc3 Nxe4 12. 0-0 Nxc3 13. Nxc3 Bxc3 14. bxc3 Qxc3 15. Bh6 Re8 16. Re1 d6 17. Rb1 Ne5 18. Be3 Bf5 19. Bd4 Qc7 20. Ba1 Qc5 21. Qd2 Be6 22. Bd4 Qa5 23. Bc3 Qc5 24. Bxe6 fxe6 25. Rxb7 Rxa2 26. h3 Qd5 27. Qh6 Rxc2 28. Rc7 Rxc3 29. Rxc3 Qd4 30. Qe3 Qxe3 31. Rcxe3 Rf8 32. Rc1 Kg7 33. Rc7 Rf7 34. g3 g5 35. Kg2 Kg6 36. Rb7 Kf6 37. Rb1 Kg6 38. Rbe1 Rf6 39. R1e2 Kf7 40. Rc2 Ng6 41. Rf3 1/2-1/2

[Event "AZE-ch (Women)"]
[Site "Baku"]
[Date "2024.02.11"]
[Round "1"]
[White "Nuriyeva, Nurtan"]
[Black "Ibrahimova, Sabina Oqtay"]
[Result "0-1"]
[WhiteElo "1827"]
[BlackElo "2163"]
[PlyCount "74"]
[EventDate "2024.02.11"]
[EventType "swiss"]
[EventRounds "7"]
[EventCountry "AZE"]
[SourceTitle "CB09_2024"]
[SourceDate "2024.02.28"]
[SourceVersion "1"]
[SourceVersionDate "2024.02.28"]
[SourceQuality "1"]

1. d4 Nf6 2. Nf3 g6 3. c4 Bg7 4. Nc3 0-0 5. Bg5 d6 6. e3 h6 7. Bh4 c5 8. d5 b5 9. cxb5 a6 10. bxa6 Qa5 11. Bxf6 Bxf6 12. Qd2 Nd7 13. Be2 Bxa6 14. 0-0 Rfb8 15. Rfc1 Bxe2 16. Qxe2 Qb4 17. Rc2 Nb6 18. e4 Nc4 19. Nd1 Nb6 20. g3 Rb7 21. Kg2 Ra4 22. e5 dxe5 23. Nxe5 Qd4 24. Nf3 Qxd5 25. Ne3 Qc6 26. a3 Nd7 27. Rac1 Rb3 28. Kg1 Qb7 29. Qd1 Bd4 30. Rd2 e5 31. Nxd4 exd4 32. Nc4 Rxc4 33. Rxc4 Ne5 34. Rxc5 Nf3+ 35. Kf1 Nxd2+ 36. Qxd2 Rxb2 37. Rc2 Rb1+ 0-1

[Event "AZE-ch (Women)"]
[Site "Baku"]
[Date "2023.02.11"]
[Round "8"]
[White "Allahverdiyeva, Ayan"]
[Black "Ibrahimova, Sabina Oqtay"]
[Result "0-1"]
[WhiteElo "2060"]
[BlackElo "2174"]
[PlyCount "84"]
[EventDate "2023.02.04"]
[EventType "tourn"]
[EventRounds "11"]
[EventCountry "AZE"]
[SourceTitle "CBM 212 Extra"]
[Source "ChessBase"]
[SourceDate "2023.03.31"]
[SourceVersion "1"]
[SourceVersionDate "2023.03.31"]
[SourceQuality "1"]

1. e4 c5 2. Nf3 Nc6 3. d4 cxd4 4. Nxd4 g6 5. c4 Nf6 6. Nc3 d6 7. Be2 Nxd4 8. Qxd4 Bg7 9. 0-0 0-0 10. Qd3 a5 11. Be3 a4 12. Bd4 Qa5 13. f4 Bg4 14. e5 Bxe2 15. Qxe2 Nd7 16. Nb5 dxe5 17. fxe5 Ra6 18. Qe4 Rc6 19. b3 Qa8 20. Rae1 Nc5 21. Qf3 Qb8 22. Qd5 Ne6 23. Ba7 Qc8 24. Be3 Qb8 25. Ba7 Qc8 26. Bf2 Qb8 27. Kh1 Rcc8 28. Ba7 Qa8 29. Qd7 Rce8 30. Rf2 Bxe5 31. Rfe2 Bf6 32. Rxe6 Rd8 33. Qc7 fxe6 34. Qg3 Rd2 35. Qe3 Rxa2 36. Nc7 Qc8 37. Nxe6 Qc6 38. Rg1 Ra8 39. Bd4 axb3 40. Bxf6 exf6 41. Nd4 Qxc4 42. Qf4 Ra1 0-1

[Event "Sharjah Cup (Women) 12th"]
[Site "Sharjah"]
[Date "2022.12.15"]
[Round "8"]
[White "Ibrahimova, Sabina Oqtay"]
[Black "Babayan, Armine"]
[Result "1-0"]
[WhiteElo "2152"]
[BlackElo "2143"]
[PlyCount "111"]
[EventDate "2022.12.09"]
[EventType "swiss"]
[EventRounds "9"]
[EventCountry "UAE"]
[SourceTitle "CBM 211 Extra"]
[Source "ChessBase"]
[SourceDate "2023.01.31"]
[SourceVersion "1"]
[SourceVersionDate "2023.01.31"]
[SourceQuality "1"]

1. e4 c5 2. Nf3 e6 3. d4 cxd4 4. Nxd4 a6 5. Bd3 Nf6 6. 0-0 Qc7 7. Nc3 Be7 8. Kh1 d6 9. f4 Nbd7 10. Bd2 b5 11. a3 Bb7 12. Qe2 0-0 13. Rae1 Rfd8 14. Rf3 Nc5 15. Rh3 g6 16. Nf3 d5 17. exd5 Nxd3 18. cxd3 Bxd5 19. Ne5 Qb7 20. Nxd5 Qxd5 21. f5 exf5 22. Nxg6 fxg6 23. Qxe7 Qf7 24. Qb4 Re8 25. Rxe8+ Rxe8 26. Re3 Nd5 27. Rxe8+ Qxe8 28. Qd6 Qf7 29. Qxa6 f4 30. Qxb5 f3 31. Qb8+ Kg7 32. Qe5+ Kg8 33. Bh6 Nc7 34. Kg1 fxg2 35. Kxg2 Qd7 36. Qe4 Ne6 37. Be3 g5 38. b4 h5 39. b5 Ng7 40. Bxg5 Nf5 41. b6 Nd6 42. Qg6+ Kf8 43. Bf4 Nf7 44. Qe4 Nd8 45. Bh6+ Kg8 46. Qg6+ Kh8 47. Bf4 Qd5+ 48. Qe4 Qg8+ 49. Kf1 Qf7 50. Kg2 Qg7+ 51. Bg3 Qb2+ 52. Bf2 Qg7+ 53. Kh1 Qd7 54. Qd4+ Qxd4 55. Bxd4+ Kg8 56. a4 1-0

[Event "EU-ch (Women) 22nd"]
[Site "Prague"]
[Date "2022.08.31"]
[Round "11"]
[White "Rudzinska, Michalina"]
[Black "Ibrahimova, Sabina Oqtay"]
[Result "0-1"]
[WhiteElo "2287"]
[BlackElo "2146"]
[PlyCount "104"]
[EventDate "2022.08.20"]
[EventType "swiss"]
[EventRounds "11"]
[EventCountry "CZE"]
[SourceTitle "CBM 209 Extra"]
[Source "ChessBase"]
[SourceDate "2022.09.30"]
[SourceVersion "1"]
[SourceVersionDate "2022.09.30"]
[SourceQuality "1"]

1. e4 c5 2. Nf3 Nc6 3. d4 cxd4 4. Nxd4 g6 5. c4 Bg7 6. Be3 Qb6 7. Nb3 Qd8 8. Nc3 Nf6 9. Be2 0-0 10. Qd2 d6 11. f3 Be6 12. Nd4 Nxd4 13. Bxd4 a5 14. b3 Nd7 15. Bxg7 Kxg7 16. 0-0 f6 17. f4 Nc5 18. Rab1 Qb6 19. Kh1 Qb4 20. f5 Bf7 21. Rf3 g5 22. Rh3 Rh8 23. Qd4 Nd7 24. Bh5 Qc5 25. Qd2 Bg8 26. Rg3 h6 27. Ne2 Kf8 28. Rd3 Ne5 29. Rd4 Kg7 30. Rc1 Rc8 31. Nc3 Nc6 32. Rd3 Ne5 33. Rd5 Bxd5 34. exd5 Qb4 35. Qc2 Rc5 36. Nb5 Rhc8 37. Nd4 Rxd5 38. Ne6+ Kh8 39. Qe4 Rd2 40. h4 Nd3 41. Rf1 Nf2+ 42. Rxf2 Rxf2 43. hxg5 Rf1+ 44. Kh2 Qe1 45. Qxe1 Rxe1 46. g6 Rxe6 47. fxe6 f5 48. Bf3 b6 49. Kg3 Kg7 50. Bh5 Kf6 51. Kf4 Rc5 52. Bf3 Re5 0-1

[Event "EU-ch (Women) 22nd"]
[Site "Prague"]
[Date "2022.08.20"]
[Round "1"]
[White "Kiolbasa, Oliwia"]
[Black "Ibrahimova, Sabina Oqtay"]
[Result "1/2-1/2"]
[WhiteElo "2383"]
[BlackElo "2146"]
[PlyCount "58"]
[EventDate "2022.08.20"]
[EventType "swiss"]
[EventRounds "11"]
[EventCountry "CZE"]
[SourceTitle "CBM 209 Extra"]
[Source "ChessBase"]
[SourceDate "2022.09.30"]
[SourceVersion "1"]
[SourceVersionDate "2022.09.30"]
[SourceQuality "1"]

1. e4 c6 2. d4 d5 3. e5 c5 4. dxc5 Nc6 5. Nf3 Bg4 6. c3 e6 7. Be3 g6 8. Bb5 Qc7 9. Nbd2 Nge7 10. Qa4 Bxf3 11. Nxf3 Bg7 12. Bg5 Bxe5 13. 0-0 Bg7 14. Bxe7 Kxe7 15. Rfe1 Rhc8 16. Qh4+ Bf6 17. Qh6 Ne5 18. Nxe5 Bxe5 19. Qg5+ Bf6 20. Qxd5 Qxc5 21. Qxb7+ Kf8 22. a4 Rab8 23. Qf3 Kg7 24. Rad1 Rd8 25. Qf4 Qb6 26. Rb1 Rd6 27. a5 Qd8 28. Qa4 Rd5 29. Bc4 Rxa5 1/2-1/2

[Event "TUR-chT 2nd League"]
[Site "Konya"]
[Date "2019.07.28"]
[Round "9.3"]
[White "Ibrahimova, Sabina Oqtay"]
[Black "Abdulla, Khayala Mardan Qizi"]
[Result "1/2-1/2"]
[WhiteElo "2190"]
[BlackElo "2283"]
[PlyCount "149"]
[EventDate "2019.07.22"]
[EventType "team-swiss"]
[EventRounds "9"]
[EventCountry "TUR"]
[SourceTitle "CBM 191 Extra"]
[Source "ChessBase"]
[SourceDate "2019.09.30"]
[SourceVersion "1"]
[SourceVersionDate "2019.09.30"]
[SourceQuality "1"]
[WhiteTeam "Koroglu Dernegi"]
[BlackTeam "Denizli Ihtisas"]
[WhiteTeamCountry "TUR"]
[BlackTeamCountry "TUR"]

1. e4 c5 2. Nf3 Nf6 3. e5 Nd5 4. Nc3 e6 5. g3 d6 6. exd6 Nxc3 7. dxc3 Bxd6 8. Bg2 Nc6 9. 0-0 0-0 10. Ng5 Be7 11. Qxd8 Rxd8 12. Be3 Bd7 13. Ne4 b6 14. f4 Rac8 15. g4 Na5 16. b3 f5 17. Ng5 h6 18. Nf3 fxg4 19. Ne5 Bf6 20. Nxd7 Rxd7 21. Rad1 Rcd8 22. Rxd7 Rxd7 23. c4 Rd6 24. f5 e5 25. Be4 Nc6 26. Kg2 Nd8 27. Kg3 h5 28. a3 a5 29. c3 Nf7 30. Bd5 Kf8 31. b4 axb4 32. axb4 cxb4 33. cxb4 Bg5 34. Bf2 Nh6 35. Kg2 Bd2 36. Bh4 Bf4 37. Ra1 Ke8 38. Ra8+ Kd7 39. Ra7+ Ke8 40. Be7 Rxd5 41. cxd5 Nxf5 42. d6 e4 43. Ra8+ Kd7 44. Ra7+ Ke6 45. Bd8 Bxd6 46. Bxb6 Bxb4 47. Ra4 Bd6 48. Rxe4+ Kd5 49. Re2 Nh4+ 50. Kf1 Nf3 51. Bg1 h4 52. Ra2 Ke4 53. Ra4+ Kf5 54. Ra5+ Be5 55. Rb5 h3 56. Ra5 Kf6 57. Ra6+ Kf5 58. Ra5 g5 59. Ra2 g3 60. hxg3 Bxg3 61. Bb6 Kg4 62. Rb2 Bf4 63. Bf2 Nd2+ 64. Kg1 Kf3 65. Be1 h2+ 66. Kh1 Ne4 67. Rxh2 Bxh2 68. Kxh2 g4 69. Bh4 Nc3 70. Be1 Nd1 71. Kg1 Ne3 72. Bh4 Nf5 73. Be1 Ng3 74. Bf2 Ne2+ 75. Kf1 1/2-1/2